| 000 | 00956nam a2200241Ia 4500 | ||
|---|---|---|---|
| 003 | OSt | ||
| 005 | 20250714105237.0 | ||
| 008 | 191128s2011 ck er 000 f spa d | ||
| 020 | _a9789588471464 | ||
| 040 |
_aCO-JMCR _cCO-JMCR |
||
| 041 | _aspa | ||
| 082 | 0 | 4 |
_aA-N _bJOHh |
| 100 | 1 |
_aJohnson, Samuel, _d1709-1784 _eautor _97372 |
|
| 245 | 1 | 3 |
_aLa historia de Rasselas, príncipe de Abisinia / _cSamuel Johnson |
| 250 | _aPrimera edición | ||
| 260 |
_aBogotá : _bAlcaldía Mayor de Bogotá, _c2011 |
||
| 300 |
_a165 páginas ; _c17 cm. |
||
| 490 | 0 | _aLibro al viento | |
| 500 | _aincluye tabla de contenido | ||
| 505 | _aDescripción de un palacio en un valle -- descontento de Rasselas en el valle de la felicidad -- las necesidades del que nada necesita -- el príncipe sigue apesadumbrado y pensativo -- el príncipe medita sobre su fuga -- un trato sobre el arte de volar. | ||
| 650 | 1 | 4 |
_aNovela inglesa _ysiglo XVIII _97374 |
| 942 |
_2ddc _cBK |
||
| 999 |
_c4160 _d4160 |
||